| 000 | 00610nam a2200217Ia 4500 | ||
|---|---|---|---|
| 003 | OSt | ||
| 005 | 20220918191933.0 | ||
| 006 | a|||||r|||| 00| 0 | ||
| 007 | ta | ||
| 008 | 220917b |||||||| |||| 00| 0 eng d | ||
| 024 | _a65,995 | ||
| 037 | _cTextual | ||
| 040 |
_aARTS _cARTS _beng |
||
| 041 |
_2eng _aeng |
||
| 082 | _aR21, L7 | ||
| 100 |
_aWeissman david _977742 |
||
| 245 | 0 |
_aEternal possibilities _b a neutral ground for meaning and existence |
|
| 260 |
_agarbondale _bSouthern Illinois Univ Press _c1977 |
||
| 942 |
_hR21, L7 _cTEXL _2CC |
||
| 999 |
_c192231 _d192231 |
||